000 00324nam a2200121Ia 4500
008 180309s9999 xx 000 0 und d
020 _a821777149
100 _aThornton, Elizabeth
245 4 _aThe worldly widow /
260 _aUSA :
_b1990
_cZebra books
300 _a416 pages
650 _aWomen publishers England Fiction
999 _c356138
_d356138